000 00551cam a2200181 4500500
005 20260405001731.0
041 _afre
042 _adc
100 1 0 _aRusch, Pierre
_eauthor
245 0 0 _aLes Lignes et les Jours. Notes (2008-2011)
260 _c2014.
500 _a62
690 _aJournal
690 _aPeter Sloterdijk
690 _aQuotidien
786 0 _nPhilosophie magazine | 78 | 4 | 2014-04-01 | p. 74-74 | 1951-1787
856 4 1 _uhttps://shs.cairn.info/magazine-philosophie-magazine-2014-4-page-74?lang=fr&redirect-ssocas=7080
999 _c2050533
_d2050533